| 000 | 00411cam a22001217a 4500 | ||
|---|---|---|---|
| 008 | 180718b1977 xxu||||| |||| 00| 0 eng d | ||
| 082 | _aT39x54 In2e | ||
| 245 |
_aExport trade control: handbook of policy and procedure _cby Ministry of Commerce |
||
| 260 |
_aDelhi _bController of Publications _c1977 |
||
| 300 | _a138p. | ||
| 650 | _aInternational trade - Government policy | ||
| 700 | _aIndia. Ministry of Commerce | ||
| 999 |
_c481252 _d481252 |
||